Club de foot jouant en bleu et blanc - Mort subite - Statistiques

Statistiques générales
  • Ce quiz a été pris 227 fois
  • Le résultat moyen est 6 sur 17
Answers on the Grid
Answers color-coded by a green-red scale on the quiz's grid according to % correct below.
Morecambe
Brighton
Real Sociedad
Espanyol
Whitecaps Vancouver
Dender
Sheffield Wednesday
Olympiakos
QPR
Hertha Berlin
Porto
Wimbledon
Atromitos
Duisbourg
Kasımpaşa
Legia Varsovie
Newcastle
Atalanta Bergame
PSV
Deportivo Alavès
Fluminense
Deportivo La Corogne
Pescara
Fiorentina
Virtus Entella
Brescia
Real Valladolid
Partizan
Zwolle
Malaga
Union Berlin
Angers
 
Statistiques - réponses
Réponse % Correct
Brighton
89%
Real Sociedad
85%
Porto
70%
Espanyol
62%
QPR
51%
Malaga
47%
Hertha Berlin
46%
Deportivo Alavès
44%
Deportivo La Corogne
33%
Brescia
29%
Pescara
24%
Sheffield Wednesday
20%
Atromitos
10%
Duisbourg
10%
Zwolle
10%
Kasımpaşa
8%
Virtus Entella
6%
Aucun quiz correspondant
Distribution des résultats
% des personnes avec chaque résultat
Percentile par nombre de réponses
Votre historique - résultats
Vous n’avez pas pris ce quiz